00880cam a22002531 450000100060000000300080000600500170001400800410003103500200007203500180009204000390011004100080014908200200015710000340017724501000021126000520031130000210036350400370038465000270042174000310044894200120047999900170049195201180050828428BD-RjUL20211209051300.0140330s1958 nbu b s001 0 eng d a(BD-RjUL) 28509 a(OCoLC)555439 aDLCcOGKdOCoLCdDLCdBD-RjULbeng aeng04a111.1bBAL 19591 aBarnes, Hazel Estella.98705714aThe literature of possibility :ba study in humanistic existentialism /c Hazel Estella Barnes. aLincoln :bUniversity of Nebraska Press,c1959. a402 p. ;c24 cm. aIncludes bibliography. and Index 0aExistentialism.9870580 aHumanistic existentialism. 2ddccBK c28428d28428 00102ddc40708NFICaRUCLbRUCLcStackd2014-03-30l0o111.1 BAL 1959r2014-03-30 00:00:00tC-3w2014-03-30yBK